=LDR 00000nam 2200000 4500 =001 INLIS000000000025643 =005 20130612124133 =008 ***********************************Ind** =035 ##$$0010-061300000025643 =041 ##$$a Ind =082 ##$$a 370 =090 ##$$a 370, Soe p =100 ##$$a Soejono, Ag =245 ##$$a Pendahuluan ilmu pendidikan umum, Ag. Soejono =260 ##$$a 1980 $b Bandung =300 ##$$a vii, 247 hlm, 20 cm =650 ##$$a Ilmu Pendidikan =850 ##$$a NBPNMAT